000 00432nam a22001697a 4500
003 MPLRDC
005 20220104180058.0
008 210129b ||||| |||| 00| 0 eng d
020 _a967-60-0582-7
082 _a524.946 SIM-2 v.1*
100 _aLIM II SIM
245 _aUJIAN PENILAIAN KEMAJUAN SAINS. TINGKATAN 1
_c
260 _a
_bEASTVIEW PUBLICATIONS S/B
_c
300 _b
650 _a
942 _cBK
_o524.946 SIM-2 v.1*
999 _c60733
_d60723